<?xml version="1.0" encoding="UTF-8"?>
<record
    xmlns:xsi="http://www.w3.org/2001/XMLSchema-instance"
    xsi:schemaLocation="http://www.loc.gov/MARC21/slim http://www.loc.gov/standards/marcxml/schema/MARC21slim.xsd"
    xmlns="http://www.loc.gov/MARC21/slim">

  <leader>03271njm a2200505Ia 4500</leader>
  <controlfield tag="001">F0020</controlfield>
  <controlfield tag="003">IT-RoPAU</controlfield>
  <controlfield tag="005">20220918181114.0</controlfield>
  <controlfield tag="008">131025s9999    xx            000 0 und d</controlfield>
  <datafield tag="040" ind1=" " ind2=" ">
    <subfield code="a">IT-RoPAU</subfield>
  </datafield>
  <datafield tag="040" ind1=" " ind2=" ">
    <subfield code="c">IT-RoPAU</subfield>
  </datafield>
  <datafield tag="041" ind1=" " ind2=" ">
    <subfield code="a">INGLESE</subfield>
  </datafield>
  <datafield tag="999" ind1=" " ind2=" ">
    <subfield code="c">99204</subfield>
    <subfield code="d">99204</subfield>
  </datafield>
  <datafield tag="999" ind1=" " ind2=" ">
    <subfield code="b">n.d.</subfield>
  </datafield>
  <datafield tag="100" ind1=" " ind2=" ">
    <subfield code="a">AA.VV.</subfield>
    <subfield code="9">794</subfield>
  </datafield>
  <datafield tag="100" ind1=" " ind2=" ">
    <subfield code="e">Autore musica</subfield>
    <subfield code="9">32082</subfield>
  </datafield>
  <datafield tag="100" ind1=" " ind2=" ">
    <subfield code="g">Codice autore musica SPICS: 12000</subfield>
    <subfield code="9">796</subfield>
  </datafield>
  <datafield tag="245" ind1=" " ind2=" ">
    <subfield code="a">Trainspotting</subfield>
  </datafield>
  <datafield tag="250" ind1=" " ind2=" ">
    <subfield code="a">1a ed.</subfield>
  </datafield>
  <datafield tag="260" ind1=" " ind2=" ">
    <subfield code="a">ENGLAND</subfield>
  </datafield>
  <datafield tag="260" ind1=" " ind2=" ">
    <subfield code="b">EMI RECORDS</subfield>
    <subfield code="c">1996 [1a Ed.:1996 - Ed. Lingua Orig.: 1996]</subfield>
  </datafield>
  <datafield tag="300" ind1=" " ind2=" ">
    <subfield code="a">COMPACT DISC</subfield>
  </datafield>
  <datafield tag="300" ind1=" " ind2=" ">
    <subfield code="c">76 minuti (Testo:  pag.)</subfield>
  </datafield>
  <datafield tag="500" ind1=" " ind2=" ">
    <subfield code="a">Colonna sonora del film omonimo.</subfield>
  </datafield>
  <datafield tag="505" ind1=" " ind2=" ">
    <subfield code="a">Lust For Life [(Iggy Pop) (6:00)] - Deep Blue Day [(Eno Brian) (6:00)] - Trainspotting [(Primal Scream) (11:00)] - Atomic [(Sleeper) (6:00)] - Temptation [(New Order) (7:00)] - Nightclubbing [(Iggy Pop) (5:00)] - Sing [(Blur) (6:00)] - Perfect Day [(Reed Lou) (4:00)] - Mile End [(Pulp) (5:00)] - For What You Dream of [(Full On Reinassance Mix) (Kyo) (7:00)] - 2:1 [(Elastica) (3:00)] - A Final Hit [(Leftfield) (4:00)] - Born Slippy [(Nuxx) (Underworld) (6:00)] - Closet Romantic [(Albarn Damon) (4:00)]</subfield>
  </datafield>
  <datafield tag="650" ind1=" " ind2=" ">
    <subfield code="a">COLONNA SONORA [COMPACT DISC]</subfield>
    <subfield code="e">Codice MATERIA SPICS: 9949</subfield>
    <subfield code="9">32083</subfield>
  </datafield>
  <datafield tag="700" ind1=" " ind2=" ">
    <subfield code="a">Bowie David</subfield>
    <subfield code="d">Codice autore musica SPICS: 8891</subfield>
    <subfield code="e">Autore musica</subfield>
    <subfield code="p">Lust For Life - Nightclubbing</subfield>
    <subfield code="9">32084</subfield>
  </datafield>
  <datafield tag="700" ind1=" " ind2=" ">
    <subfield code="a">Iggy Pop</subfield>
    <subfield code="d">Codice autore testo/musica SPICS: 49871</subfield>
    <subfield code="e">Autore testo/musica</subfield>
    <subfield code="p">Lust For Life - Nightclubbing</subfield>
    <subfield code="9">32085</subfield>
  </datafield>
  <datafield tag="700" ind1=" " ind2=" ">
    <subfield code="a">Eno Brian</subfield>
    <subfield code="d">Codice autore musica SPICS: 11870</subfield>
    <subfield code="e">Autore musica</subfield>
    <subfield code="p">Deep Blue Day</subfield>
    <subfield code="9">32086</subfield>
  </datafield>
  <datafield tag="700" ind1=" " ind2=" ">
    <subfield code="a">Lanois Daniel</subfield>
    <subfield code="d">Codice autore testo/musica SPICS: 13126</subfield>
    <subfield code="e">Autore testo/musica</subfield>
    <subfield code="p">Deep Blue Day</subfield>
    <subfield code="9">32087</subfield>
  </datafield>
  <datafield tag="700" ind1=" " ind2=" ">
    <subfield code="a">Primal Scream</subfield>
    <subfield code="d">Codice autore testo/musica SPICS: 49881</subfield>
    <subfield code="e">Autore testo/musica</subfield>
    <subfield code="p">Trainspotting</subfield>
    <subfield code="9">32088</subfield>
  </datafield>
  <datafield tag="700" ind1=" " ind2=" ">
    <subfield code="a">Harry Deborah</subfield>
    <subfield code="d">Codice autore musica SPICS: 28375</subfield>
    <subfield code="e">Autore musica</subfield>
    <subfield code="p">Atomic</subfield>
    <subfield code="9">32089</subfield>
  </datafield>
  <datafield tag="700" ind1=" " ind2=" ">
    <subfield code="a">Destri Jimmy</subfield>
    <subfield code="d">Codice autore testo/musica SPICS: 49883</subfield>
    <subfield code="e">Autore testo/musica</subfield>
    <subfield code="p">Atomic</subfield>
    <subfield code="9">32090</subfield>
  </datafield>
  <datafield tag="700" ind1=" " ind2=" ">
    <subfield code="a">New Order</subfield>
    <subfield code="d">Codice autore testo/musica SPICS: 49884</subfield>
    <subfield code="e">Autore musica</subfield>
    <subfield code="p">Temptation</subfield>
    <subfield code="9">32091</subfield>
  </datafield>
  <datafield tag="700" ind1=" " ind2=" ">
    <subfield code="a">Blur</subfield>
    <subfield code="d">Codice autore testo/musica SPICS: 49885</subfield>
    <subfield code="e">Autore testo/musica</subfield>
    <subfield code="p">Sing</subfield>
    <subfield code="9">32092</subfield>
  </datafield>
  <datafield tag="700" ind1=" " ind2=" ">
    <subfield code="a">Reed Lou</subfield>
    <subfield code="d">Codice autore testo/musica SPICS: 13226</subfield>
    <subfield code="e">Autore testo/musica</subfield>
    <subfield code="p">Perfect Day</subfield>
    <subfield code="9">32093</subfield>
  </datafield>
  <datafield tag="700" ind1=" " ind2=" ">
    <subfield code="a">Pulp</subfield>
    <subfield code="d">Codice autore testo/musica SPICS: 49886</subfield>
    <subfield code="e">Autore testo/musica</subfield>
    <subfield code="p">Mile End</subfield>
    <subfield code="9">32094</subfield>
  </datafield>
  <datafield tag="700" ind1=" " ind2=" ">
    <subfield code="a">Muir Nick</subfield>
    <subfield code="d">Codice autore musica SPICS: 49888</subfield>
    <subfield code="e">Autore musica</subfield>
    <subfield code="p">For What You Dream of (Full On Reinassance Mix)</subfield>
    <subfield code="9">32095</subfield>
  </datafield>
  <datafield tag="700" ind1=" " ind2=" ">
    <subfield code="a">Digweed John</subfield>
    <subfield code="d">Codice autore testo/musica SPICS: 49889</subfield>
    <subfield code="e">Autore testo(musica</subfield>
    <subfield code="p">For What You Dream of (Full On Reinassance Mix)</subfield>
    <subfield code="9">32096</subfield>
  </datafield>
  <datafield tag="700" ind1=" " ind2=" ">
    <subfield code="a">Elastica</subfield>
    <subfield code="d">Codice autore musica SPICS: 49678</subfield>
    <subfield code="e">Autore musica</subfield>
    <subfield code="p">2:1</subfield>
    <subfield code="9">32097</subfield>
  </datafield>
  <datafield tag="700" ind1=" " ind2=" ">
    <subfield code="a">Matthews Donna</subfield>
    <subfield code="d">Codice autore testo/musica SPICS: 49891</subfield>
    <subfield code="e">Autore testo/musica</subfield>
    <subfield code="p">2:1</subfield>
    <subfield code="9">32098</subfield>
  </datafield>
  <datafield tag="700" ind1=" " ind2=" ">
    <subfield code="a">Daley Barnes</subfield>
    <subfield code="d">Codice autore testo/musica SPICS: 49893</subfield>
    <subfield code="e">Autore testo/musica</subfield>
    <subfield code="p">A Final Hit</subfield>
    <subfield code="9">32099</subfield>
  </datafield>
  <datafield tag="700" ind1=" " ind2=" ">
    <subfield code="a">Underworld</subfield>
    <subfield code="d">Codice autore testo/musica SPICS: 49894</subfield>
    <subfield code="e">Autore testo/musica</subfield>
    <subfield code="p">Born Slippy (Nuxx)</subfield>
    <subfield code="9">32100</subfield>
  </datafield>
  <datafield tag="700" ind1=" " ind2=" ">
    <subfield code="a">Albarn Damon</subfield>
    <subfield code="d">Codice autore testo/musica SPICS: 49895</subfield>
    <subfield code="e">Autore testo/musica</subfield>
    <subfield code="p">Closet Romantic</subfield>
    <subfield code="9">32101</subfield>
  </datafield>
  <datafield tag="942" ind1=" " ind2=" ">
    <subfield code="c">CD</subfield>
    <subfield code="2">ddc</subfield>
  </datafield>
  <datafield tag="952" ind1=" " ind2=" ">
    <subfield code="0">0</subfield>
    <subfield code="1">0</subfield>
    <subfield code="4">0</subfield>
    <subfield code="6">F_0020_000000000000000</subfield>
    <subfield code="7">1</subfield>
    <subfield code="a">SPICS</subfield>
    <subfield code="b">SPICS</subfield>
    <subfield code="d">2013-10-25</subfield>
    <subfield code="l">0</subfield>
    <subfield code="o">F0020</subfield>
    <subfield code="r">2013-10-25 00:00:00</subfield>
    <subfield code="w">2013-10-25</subfield>
    <subfield code="y">CD</subfield>
    <subfield code="z">Progr. Ins.: 2932 / N.Vol.: 1 / Copie: 1 - Copia rara: n.d. / date import: 01.01.2014 - By Epidotti, Trombetti, Vaglietti</subfield>
  </datafield>
</record>
